[Event "Mercredi 2014.09.03 ABCDE"]
[Site "Montreal CAN"]
[Date "2014.09.17"]
[Round "3"]
[White "Fortin-Lavoie, Patrice"]
[Black "Morin, Louis"]
[Result "0-1"]
[WhiteElo "1854"]
[BlackElo "1789"]
[PlyCount "98"]
[EventDate "2014.09.03"]
[EventType "tourn"]
[EventRounds "5"]
[EventCountry "CAN"]

1. c4 e6 2. Nf3 d5 3. g3 Nf6 4. Bg2 Be7 5. O-O O-O 6. cxd5 exd5 7. d4 Be6 8.
Nc3 c6 9. Ne5 Qc8 10. Qb3 Nbd7 11. f4 Nxe5 12. fxe5 Nd7 13. Bf4 g5 14. Be3 Nxe5
15. dxe5 d4 16. Qc2 dxc3 17. bxc3 Qc7 18. Rf5 Bxf5 19. Qxf5 Qc8 20. Qe4 Qe6 21.
Bd4 f6 22. Rb1 b6 23. Qxc6 Qxc6 24. Bxc6 Rad8 25. e6 Rd6 26. Bd7 Rd8 27. Rf1
Kg7 28. e4 R6xd7 29. exd7 Rxd7 30. e5 fxe5 31. Bxe5+ Kg6 32. Bd4 g4 33. Rf4 h5
34. Kg2 Bg5 35. Rf8 Rf7 36. Rxf7 Kxf7 37. Kf2 Ke6 38. Ke2 Bf6 39. Kd3 Bxd4 40.
Kxd4 Kd6 41. a4 a6 42. Kc4 Ke5 43. Kb4 Kd5 44. c4+ Kd4 45. Kb3 a5 46. Ka3 Kxc4
47. h3 gxh3 48. g4 hxg4 49. Kb2 Kb4 0-1

[Event "Mercredi 2014.09.03 ABCDE"]
[Site "Montreal CAN"]
[Date "2014.09.17"]
[Round "3"]
[White "Johnson-Constantin, Matthieu"]
[Black "Struben, Jeroen"]
[Result "1/2-1/2"]
[WhiteElo "1755"]
[BlackElo "1772"]
[PlyCount "77"]
[EventDate "2014.09.03"]
[EventType "tourn"]
[EventRounds "5"]
[EventCountry "CAN"]

1. d4 Nf6 2. c4 c5 3. d5 g6 4. Nc3 d6 5. Bg5 Bg7 6. Nf3 O-O 7. h4 a6 8. e3 Nbd7
9. Be2 Rb8 10. a4 Ng4 11. h5 Nde5 12. Nxe5 Nxe5 13. f4 f6 14. hxg6 fxg5 15.
gxh7+ Kh8 16. fxe5 Bxe5 17. Qd3 Bf5 18. e4 Bg6 19. Bh5 Qe8 20. Bxg6 Qxg6 21.
O-O-O Rf2 22. Rdf1 Rbf8 23. Rxf2 Rxf2 24. Rf1 Rxf1+ 25. Qxf1 Bf4+ 26. Kd1 Qxh7
27. Qf3 Qh1+ 28. Kc2 Kg7 29. Ne2 Qa1 30. Nxf4 Qxa4+ 31. Kd2 gxf4 32. Qg4+ Kf7
33. Qxf4+ Ke8 34. Qf1 b5 35. cxb5 Qxe4 36. Kc1 Qa4 37. Qf5 Qa1+ 38. Kc2 Qa4+
39. Kc1 1/2-1/2

[Event "Mercredi 2014.09.03 ABCDE"]
[Site "Montreal CAN"]
[Date "2014.09.17"]
[Round "3"]
[White "Lalonde, Paul"]
[Black "Baran, Marius"]
[Result "1/2-1/2"]
[WhiteElo "1815"]
[BlackElo "1812"]
[PlyCount "171"]
[EventDate "2014.09.03"]
[EventType "tourn"]
[EventRounds "5"]
[EventCountry "CAN"]

1. e4 c5 2. Nf3 d6 3. d4 cxd4 4. Nxd4 Nf6 5. Nc3 g6 6. Be3 Bg7 7. f3 O-O 8. Bc4
Nc6 9. Qd2 Re8 10. O-O-O Na5 11. Be2 Nd7 12. Bh6 Bh8 13. h4 Ne5 14. h5 Nac4 15.
Bxc4 Nxc4 16. Qe2 Qc7 17. hxg6 fxg6 18. g4 Qc5 19. Nb3 Qb4 20. Rd3 Be6 21. Bg5
Rf8 22. Bxe7 Rf7 23. a3 Qb6 24. Bg5 Rc8 25. Be3 Nxe3 26. Qxe3 Qxe3+ 27. Rxe3
Be5 28. Nd2 Rc5 29. Rd3 Rfc7 30. Kd1 Bxc3 31. bxc3 Rxc3 32. Rxd6 Rxc2 33. Ke2
Bc4+ 34. Ke3 Ba6 35. e5 R2c3+ 36. Ke4 Bb5 37. Re1 Bc6+ 38. Kd4 Rxa3 39. f4 Ra4+
40. Ke3 Re7 41. Rc1 Kf7 42. Nc4 Bb5 43. Rf6+ Kg7 44. Nd6 Ra3+ 45. Kd4 Bc6 46.
Rc4 Ra1 47. Ke3 Re1+ 48. Kf2 Rd1 49. Rc2 a5 50. Nc8 Rf7 51. Rxf7+ Kxf7 52. Na7
Bd7 53. Rc7 Ke6 54. Rxb7 Rd4 55. Rb6+ Kd5 56. Ke3 Re4+ 57. Kf3 Rd4 58. Nb5 Rd3+
59. Ke2 Kc5 60. Kxd3 Kxb6 61. Nd4 Bxg4 62. Ke4 Kc7 63. Kd5 a4 64. e6 Bh3 65.
Nb5+ Kd8 66. Kd6 Bxe6 67. Kxe6 h5 68. f5 gxf5 69. Kxf5 Kd7 70. Kg5 Kc6 71. Na3
Kc5 72. Kxh5 Kb4 73. Nc2+ Kb3 74. Nd4+ Kc3 75. Nb5+ Kb4 76. Nd4 Kc4 77. Nc2 Kc3
78. Na3 Kb3 79. Nb5 Kb4 80. Nd4 Kc5 81. Nc2 Kc4 82. Kg4 Kb3 83. Nd4+ Kc4 84.
Nc2 Kb3 85. Nd4+ Kc3 86. Nb5+ 1/2-1/2

[Event "Mercredi 2014.09.03 ABCDE"]
[Site "Montreal CAN"]
[Date "2014.09.17"]
[Round "3"]
[White "Nunez, Omar"]
[Black "Heredia, Jose"]
[Result "1/2-1/2"]
[WhiteElo "1923"]
[BlackElo "1901"]
[PlyCount "73"]
[EventDate "2014.09.03"]
[EventType "tourn"]
[EventRounds "5"]
[EventCountry "CAN"]

1. f4 d5 2. Nf3 Nf6 3. b3 c5 4. e3 a6 5. Bb2 Nc6 6. Be2 g6 7. O-O Bg7 8. Ne5
O-O 9. Nxc6 bxc6 10. Bf3 Rb8 11. Be5 Rb7 12. c4 e6 13. Nc3 Nd7 14. Bxg7 Kxg7
15. Na4 Qe7 16. Qc1 Rc7 17. Qc3+ Kg8 18. Qa5 Qd6 19. Rac1 Bb7 20. d4 Rfc8 21.
dxc5 Qe7 22. Nb6 Nxb6 23. cxb6 Rd7 24. c5 f5 25. Qc3 e5 26. fxe5 Re8 27. Rfe1
Qxe5 28. Qxe5 Rxe5 29. Rcd1 Rde7 30. Kf2 Kf7 31. b4 Ke8 32. a4 Kd8 33. Rc1 Kc8
34. Be2 Kb8 35. Bd3 Bc8 36. b5 axb5 37. axb5 1/2-1/2

[Event "Mercredi 2014.09.03 ABCDE"]
[Site "Montreal CAN"]
[Date "2014.09.17"]
[Round "3"]
[White "O'Connor, Michael"]
[Black "Zumsteg, Nicolas"]
[Result "1/2-1/2"]
[WhiteElo "1762"]
[BlackElo "1692"]
[PlyCount "85"]
[EventDate "2014.09.03"]
[EventType "tourn"]
[EventRounds "5"]
[EventCountry "CAN"]

1. e4 e6 2. d4 d5 3. Nd2 Nf6 4. Bd3 c5 5. e5 Nfd7 6. c3 Nc6 7. Ngf3 Be7 8. O-O
cxd4 9. cxd4 f6 10. exf6 Bxf6 11. Re1 O-O 12. Qc2 h6 13. Nb3 e5 14. dxe5 Ndxe5
15. Nxe5 Nxe5 16. Be3 Nxd3 17. Qxd3 Bxb2 18. Rad1 Bf5 19. Qd2 Bf6 20. Bc5 Rf7
21. Qxd5 Qxd5 22. Rxd5 g6 23. Nd4 Bd7 24. Nf3 b6 25. Bd4 Bg7 26. Bxg7 Kxg7 27.
Rde5 Kf8 28. Nd4 Rc8 29. h3 Rc7 30. f4 Bc8 31. Nb5 Rce7 32. Nd6 Bd7 33. g4 Rxe5
34. Rxe5 Re7 35. Kf2 Rxe5 36. fxe5 Ke7 37. Ke3 h5 38. gxh5 gxh5 39. h4 Bg4 40.
a3 a6 41. Kd4 Ke6 42. Nc4 b5 43. Ne3 1/2-1/2

[Event "Mercredi 2014.09.03 ABCDE"]
[Site "Montreal CAN"]
[Date "2014.09.17"]
[Round "3"]
[White "Salazar, Andres"]
[Black "Cote, Philippe"]
[Result "1-0"]
[WhiteElo "1747"]
[BlackElo "1708"]
[PlyCount "83"]
[EventDate "2014.09.03"]
[EventType "tourn"]
[EventRounds "5"]
[EventCountry "CAN"]

1. e4 d6 2. d4 Nf6 3. Nc3 g6 4. Bg5 Bg7 5. Qd2 O-O 6. O-O-O c6 7. Bh6 b5 8.
Bxg7 Kxg7 9. f3 b4 10. Nce2 a5 11. g4 Na6 12. h4 h5 13. Ng3 Rh8 14. g5 Nd7 15.
f4 Qb6 16. Nf3 a4 17. f5 b3 18. a3 bxc2 19. Qxc2 Rb8 20. Bc4 Nc7 21. Bxf7 Kxf7
22. fxg6+ Ke8 23. e5 Qb3 24. exd6 Qxc2+ 25. Kxc2 exd6 26. Rde1+ Kd8 27. Nxh5
Nd5 28. Rhf1 Ba6 29. Rf2 Rxh5 30. g7 Kc7 31. Re6 Rh7 32. g6 Rxg7 33. Ng5 Nf8
34. h5 Kd7 35. h6 Rxg6 36. Rf7+ Kc8 37. Rxf8+ Kb7 38. Rxb8+ Kxb8 39. Rxg6 Bd3+
40. Kxd3 Nf4+ 41. Ke4 Nxg6 42. Kf5 1-0

[Event "Mercredi 2014.09.03 ABCDE"]
[Site "Montreal CAN"]
[Date "2014.09.17"]
[Round "3"]
[White "Vignalou, Joseph"]
[Black "Pomerantz, Daniel"]
[Result "0-1"]
[WhiteElo "1978"]
[BlackElo "1899"]
[PlyCount "106"]
[EventDate "2014.09.03"]
[EventType "tourn"]
[EventRounds "5"]
[EventCountry "CAN"]

1. e4 c5 2. Nf3 Nc6 3. Bb5 g6 4. O-O Bg7 5. Re1 Nf6 6. Nc3 Nd4 7. e5 Nh5 8. Bf1
d6 9. Nxd4 cxd4 10. Bb5+ Bd7 11. exd6 e5 12. Bxd7+ Qxd7 13. Ne4 f5 14. Ng3 Nf4
15. Qf3 O-O-O 16. d3 Ne6 17. a4 Qxd6 18. a5 Qd5 19. Qxd5 Rxd5 20. a6 Rc5 21. c4
dxc3 22. bxc3 Rxc3 23. Bb2 Rc6 24. axb7+ Kxb7 25. Bxe5 Bxe5 26. Rxe5 Rd8 27.
Rb5+ Rb6 28. Rxb6+ axb6 29. Re1 Rd6 30. f3 Kc6 31. Rc1+ Kb5 32. Kf2 Rxd3 33.
Ne2 Nc5 34. Rc2 Kb4 35. Nc1 Rd6 36. Ke2 Kb5 37. Ke3 Kc6 38. Ke2 b5 39. Ke3 b4
40. Ke2 Kb5 41. Ke3 b3 42. Rxc5+ Kxc5 43. Nxb3+ Kd5 44. Nc1 Ra6 45. Ne2 Ke5 46.
f4+ Kd5 47. Nc3+ Kc4 48. Ne2 Ra3+ 49. Kf2 Kd5 50. Ng3 h5 51. Ne2 h4 52. g3 Ke4
53. Ng1 Ra2+ 0-1

[Event "Mercredi 2014.09.03 ABCDE"]
[Site "Montreal CAN"]
[Date "2014.09.24"]
[Round "4"]
[White "Cardin, Guillaume"]
[Black "Boudreau, Daniel"]
[Result "1/2-1/2"]
[WhiteElo "2011"]
[BlackElo "2075"]
[PlyCount "155"]
[EventDate "2014.09.03"]
[EventType "tourn"]
[EventRounds "5"]
[EventCountry "CAN"]

1. d4 Nf6 2. c4 e6 3. g3 Bb4+ 4. Bd2 Qe7 5. Bg2 O-O 6. Nc3 d6 7. Qb3 a5 8. e3
e5 9. Nge2 exd4 10. Nxd4 Na6 11. O-O Nc5 12. Qc2 c6 13. a3 Bxc3 14. Bxc3 a4 15.
h3 Nfe4 16. Bb4 f5 17. Rfd1 Bd7 18. Bxc5 Nxc5 19. b4 axb3 20. Nxb3 Ne4 21. Nd4
Ra7 22. Rdb1 g6 23. a4 Rfa8 24. Rb6 Nc5 25. Kh2 Qe5 26. Qb1 Rxa4 27. Rxa4 Rxa4
28. Rxb7 Nxb7 29. Qxb7 Qe8 30. Nxc6 Ra2 31. Bd5+ Kf8 32. Nb8 Be6 33. Qxh7 Qf7
34. Qh8+ Qg8 35. Qf6+ Qf7 36. Qxe6 Qxe6 37. Bxe6 Rxf2+ 38. Kg1 Rf3 39. Kg2 Rxe3
40. Bd5 Ke7 41. Nc6+ Kf6 42. h4 Rd3 43. Na7 Ke5 44. Nb5 Rd2+ 45. Kf3 Rb2 46.
Bf7 Rb3+ 47. Kg2 Rb2+ 48. Kh3 Rb3 49. Kg2 Rb2+ 50. Kf1 Rb1+ 51. Kf2 Rb2+ 52.
Ke1 Rb1+ 53. Kd2 Rg1 54. Bxg6 Rg2+ 55. Kd1 Rxg3 56. h5 Rb3 57. Ke2 Rb4 58. Bf7
f4 59. Kf3 Rb1 60. Nc7 Rb3+ 61. Kg4 Rg3+ 62. Kh4 Rg7 63. Bd5 Rxc7 64. Kg5 Rg7+
65. Kh4 Kf5 66. h6 Rg4+ 67. Kh3 Rg6 68. h7 Rh6+ 69. Kg2 Rxh7 70. Kf3 Rh3+ 71.
Kf2 Ke5 72. Ke2 Kd4 73. Kf2 Rc3 74. Bf7 Ke4 75. Bd5+ Kd4 76. Bf7 Rd3 77. Bd5
Rc3 78. Bf7 1/2-1/2

[Event "Mercredi 2014.09.03 ABCDE"]
[Site "Montreal CAN"]
[Date "2014.09.24"]
[Round "4"]
[White "Cloutier, Mathieu"]
[Black "Nunez, Omar"]
[Result "1-0"]
[WhiteElo "1993"]
[BlackElo "1923"]
[PlyCount "61"]
[EventDate "2014.09.03"]
[EventType "tourn"]
[EventRounds "5"]
[EventCountry "CAN"]

1. e4 d5 2. exd5 Qxd5 3. Nc3 Qa5 4. d4 Nf6 5. Nf3 Bg4 6. h3 Bh5 7. g4 Bg6 8.
Bd2 e6 9. Ne5 Nbd7 10. Nc4 Qa6 11. Bf4 Qc6 12. Rg1 Bb4 13. Bd2 Ne4 14. d5 exd5
15. Nxe4 Bxe4 16. Bxb4 dxc4 17. Qd4 O-O-O 18. O-O-O Nb6 19. Qc3 Rxd1+ 20. Kxd1
Bf3+ 21. Kc1 Rd8 22. b3 Rd1+ 23. Kb2 Be2 24. Bg2 Qd7 25. Rxd1 Bxd1 26. Qxg7 c6
27. Qh8+ Kc7 28. Qe5+ Kc8 29. Be4 cxb3 30. axb3 Kd8 31. Bf5 1-0

[Event "Mercredi 2014.09.03 ABCDE"]
[Site "Montreal CAN"]
[Date "2014.09.24"]
[Round "4"]
[White "Gauthier, Luc"]
[Black "Gates, Claude-Eric"]
[Result "1/2-1/2"]
[WhiteElo "1762"]
[BlackElo "1637"]
[PlyCount "58"]
[EventDate "2014.09.03"]
[EventType "tourn"]
[EventRounds "5"]
[EventCountry "CAN"]

1. e4 d5 2. exd5 Nf6 3. Nf3 Bg4 4. Be2 Nxd5 5. d4 e6 6. O-O Be7 7. c4 Nf6 8.
Nc3 c6 9. Be3 O-O 10. h3 Bf5 11. Bd3 Bxd3 12. Qxd3 Nbd7 13. Rad1 Qc7 14. d5
cxd5 15. cxd5 exd5 16. Nxd5 Nxd5 17. Qxd5 Nf6 18. Qb3 b6 19. Rc1 Qd7 20. Rfd1
Qf5 21. Rc7 Bd8 22. Rc4 Nd5 23. Nd4 Qh5 24. Nf3 Nxe3 25. Qxe3 Bf6 26. Re1 Qb5
27. b3 Rae8 28. Re4 Rxe4 29. Qxe4 Qa5 1/2-1/2

[Event "Mercredi 2014.09.03 ABCDE"]
[Site "Montreal CAN"]
[Date "2014.09.24"]
[Round "4"]
[White "Lopez Linares, Lizandro"]
[Black "Germain, Michel"]
[Result "1/2-1/2"]
[WhiteElo "2118"]
[BlackElo "1982"]
[PlyCount "85"]
[EventDate "2014.09.03"]
[EventType "tourn"]
[EventRounds "5"]
[EventCountry "CAN"]

1. d4 Nf6 2. Nf3 c5 3. c3 b6 4. Bf4 Bb7 5. Nbd2 g6 6. e3 Bg7 7. Bd3 cxd4 8.
cxd4 Nc6 9. O-O O-O 10. a3 Nh5 11. Bg5 d6 12. Rc1 a6 13. b4 b5 14. Nb3 Qd7 15.
Be4 Rac8 16. Nfd2 e6 17. Bf3 Nf6 18. Rc2 Rc7 19. Qe2 Rfc8 20. Rfc1 Nd8 21. Rxc7
Rxc7 22. Bxb7 Nxb7 23. Bxf6 Bxf6 24. Qf3 Kg7 25. Qd1 Qc8 26. Kf1 Rxc1 27. Qxc1
Qxc1+ 28. Nxc1 a5 29. Ke2 Be7 30. Kd3 axb4 31. axb4 d5 32. Na2 Nd8 33. Nb3 Nc6
34. Nc5 Kf8 35. Kc3 Bd6 36. h3 Ke7 37. Kb3 Kd8 38. Nc3 Na7 39. e4 dxe4 40.
N3xe4 Be7 41. Kc3 Kc7 42. Nd3 Nc6 43. Ndc5 1/2-1/2

[Event "Mercredi 2014.09.03 ABCDE"]
[Site "Montreal CAN"]
[Date "2014.09.17"]
[Round "4"]
[White "Luo, Zhao Yang"]
[Black "Tremblay, Alain"]
[Result "1-0"]
[WhiteElo "2049"]
[BlackElo "2149"]
[PlyCount "79"]
[EventDate "2014.09.03"]
[EventType "tourn"]
[EventRounds "5"]
[EventCountry "CAN"]

1. d4 Nf6 2. Nf3 g6 3. Bg5 Bg7 4. Nbd2 c5 5. c3 cxd4 6. cxd4 d5 7. e3 Nc6 8.
Bb5 Qb6 9. Qb3 O-O 10. O-O Na5 11. Qa4 a6 12. Bd3 Bd7 13. Qa3 Nc6 14. Ne5 Nxe5
15. dxe5 Ng4 16. Bxe7 Rfc8 17. Qd6 Qxd6 18. exd6 Bxb2 19. Rab1 Bc3 20. Nf3 b5
21. Rfd1 Nf6 22. Rbc1 Kg7 23. Bb1 Be6 24. e4 dxe4 25. Ng5 Bg4 26. f3 exf3 27.
gxf3 Bd4+ 28. Kg2 Rxc1 29. Rxc1 Bf5 30. Bxf5 gxf5 31. Rc7 Nd5 32. Rb7 Nf4+ 33.
Kf1 Nd5 34. Bd8 Rxd8 35. Ne6+ Kg6 36. Nxd8 Be5 37. Nxf7 Bf6 38. d7 Kxf7 39.
d8=Q+ Ke6 40. Rb6+ 1-0

[Event "Mercredi 2014.09.03 ABCDE"]
[Site "Montreal CAN"]
[Date "2014.09.24"]
[Round "4"]
[White "O'Connor, Michael"]
[Black "Johnson-Constantin, Matthieu"]
[Result "1-0"]
[WhiteElo "1762"]
[BlackElo "1785"]
[PlyCount "71"]
[EventDate "2014.09.03"]
[EventType "tourn"]
[EventRounds "5"]
[EventCountry "CAN"]

1. d4 Nf6 2. c4 g6 3. Nc3 Bg7 4. e4 d6 5. Nf3 O-O 6. Be2 e5 7. Be3 Nc6 8. d5
Ne7 9. b4 a5 10. a3 axb4 11. axb4 Rxa1 12. Qxa1 Nxe4 13. Nxe4 f5 14. Nxd6 cxd6
15. Qa5 f4 16. Qxd8 Rxd8 17. Bb6 Re8 18. Nd2 Bf5 19. f3 Nc8 20. Bf2 e4 21. fxe4
Bxe4 22. Nxe4 Rxe4 23. Kd2 Bd4 24. Kd3 Bxf2 25. Kxe4 Be3 26. Bg4 Nb6 27. Kd3
Kf7 28. Ra1 Kf6 29. g3 Kg5 30. Be6 fxg3 31. Kxe3 gxh2 32. c5 dxc5 33. bxc5 Na4
34. Kd4 b6 35. cxb6 Nxb6 36. Rh1 1-0

[Event "Mercredi 2014.09.03 ABCDE"]
[Site "Montreal CAN"]
[Date "2014.09.24"]
[Round "4"]
[White "Pomerantz, Daniel"]
[Black "Heredia, Jose"]
[Result "1-0"]
[WhiteElo "1899"]
[BlackElo "1922"]
[PlyCount "147"]
[EventDate "2014.09.03"]
[EventType "tourn"]
[EventRounds "5"]
[EventCountry "CAN"]

1. e4 c6 2. d4 d5 3. Nd2 dxe4 4. Nxe4 Nd7 5. Bc4 Ngf6 6. Ng5 e6 7. Qe2 Nb6 8.
Bd3 h6 9. Ne4 Qxd4 10. Nf3 Qd8 11. O-O Be7 12. Bf4 O-O 13. Rad1 Nbd7 14. Nxf6+
Bxf6 15. Qe4 g6 16. Bxh6 Bg7 17. Qf4 Qf6 18. Qxf6 Nxf6 19. Bxg7 Kxg7 20. Ne5 c5
21. Rd2 b6 22. Rfd1 Bb7 23. Be2 Rac8 24. Nd7 Rfe8 25. Nxf6 Kxf6 26. Rd7 Re7 27.
f4 c4 28. c3 Bd5 29. Rxe7 Kxe7 30. Kf2 Rc5 31. g3 a5 32. Ke3 b5 33. h4 Bb7 34.
g4 f6 35. Rd4 e5 36. fxe5 Rxe5+ 37. Kf2 f5 38. Bf3 Bxf3 39. Kxf3 fxg4+ 40. Rxg4
Kf6 41. Rf4+ Kg7 42. a4 bxa4 43. Rxc4 Rb5 44. Rxa4 Rxb2 45. Rxa5 Rc2 46. Rc5
Rh2 47. Kg3 Rc2 48. Rc6 Rc1 49. Kg2 Rc2+ 50. Kf3 Rh2 51. Kg3 Rc2 52. Rc4 Rc1
53. Kf4 Rf1+ 54. Ke5 Rf5+ 55. Kd6 g5 56. Rg4 Rf4 57. Rxg5+ Kh6 58. Rg2 Rxh4 59.
Kc5 Rf4 60. c4 Kh7 61. Kb5 Rf1 62. c5 Rb1+ 63. Kc6 Rc1 64. Kd6 Rd1+ 65. Kc7 Rc1
66. c6 Rb1 67. Kd8 Rd1+ 68. Kc8 Rc1 69. c7 Rc3 70. Rd2 Rg3 71. Kd7 Rg7+ 72. Kc6
Rg6+ 73. Rd6 Rg1 74. c8=Q 1-0

[Event "Mercredi 2014.09.03 ABCDE"]
[Site "Montreal CAN"]
[Date "2014.09.24"]
[Round "4"]
[White "Struben, Jeroen"]
[Black "Salazar, Andres"]
[Result "0-1"]
[WhiteElo "1768"]
[BlackElo "1747"]
[PlyCount "42"]
[EventDate "2014.09.03"]
[EventType "tourn"]
[EventRounds "5"]
[EventCountry "CAN"]

1. d4 Nf6 2. c4 b6 3. Nc3 Bb7 4. Nf3 d5 5. Ne5 g6 6. g3 dxc4 7. Qa4+ Nfd7 8. d5
Bg7 9. Bf4 O-O 10. Nxd7 Nxd7 11. e4 Nc5 12. Qc2 Ba6 13. a4 Nb3 14. Rd1 Nd4 15.
Qc1 Nf3+ 16. Ke2 Nd4+ 17. Ke1 Nb3 18. Qe3 Nc5 19. b4 Nd3+ 20. Kd2 Nxb4 21. e5
Nxd5 0-1

[Event "Mercredi 2014.09.03 ABCDE"]
[Site "Montreal CAN"]
[Date "2014.09.24"]
[Round "4"]
[White "Vignalou, Joseph"]
[Black "Forget, Luc"]
[Result "1/2-1/2"]
[WhiteElo "1978"]
[BlackElo "1966"]
[PlyCount "68"]
[EventDate "2014.09.03"]
[EventType "tourn"]
[EventRounds "5"]
[EventCountry "CAN"]

1. e4 e6 2. d4 d5 3. e5 c5 4. f4 Nc6 5. Nf3 Qb6 6. a3 cxd4 7. Bd3 Bd7 8. O-O g6
9. b4 Nge7 10. Kh1 Nf5 11. Bxf5 gxf5 12. Nbd2 a5 13. b5 Qxb5 14. Rb1 Qa6 15.
Nb3 Rc8 16. Bb2 a4 17. Nbxd4 Na5 18. Nxf5 Nc4 19. Nd6+ Bxd6 20. exd6 Nxb2 21.
Rxb2 f6 22. Ne5 h5 23. Nxd7 Kxd7 24. Qb1 b5 25. Rxb5 Rb8 26. c4 Rxb5 27. cxb5
Qxd6 28. Rc1 Qxf4 29. b6 Rc8 30. Qb5+ Kd8 31. Rxc8+ Kxc8 32. Qa6+ Kd8 33. Qa8+
Kd7 34. Qb7+ Kd8 1/2-1/2

[Event "Mercredi 2014.09.03 ABCDE"]
[Site "Montreal CAN"]
[Date "2014.09.24"]
[Round "4"]
[White "Zumsteg, Nicolas"]
[Black "Cote, Philippe"]
[Result "1/2-1/2"]
[WhiteElo "1745"]
[BlackElo "1708"]
[PlyCount "138"]
[EventDate "2014.09.03"]
[EventType "tourn"]
[EventRounds "5"]
[EventCountry "CAN"]

1. d4 d6 2. c4 Nf6 3. Nc3 g6 4. e4 Bg7 5. Nf3 O-O 6. h3 e5 7. d5 a5 8. Bg5 Na6
9. Bd3 Nc5 10. Bc2 h6 11. Be3 Bd7 12. Qd2 Kh7 13. Nxe5 Nfxe4 14. Nxe4 Nxe4 15.
Bxe4 dxe5 16. O-O-O f5 17. Bc2 b5 18. Qe2 bxc4 19. Qxc4 Qb8 20. f3 Re8 21. Rhe1
Bb5 22. Qc3 a4 23. Bc5 Qb7 24. Ba3 Qa6 25. Qd2 Bc4 26. Bd3 Bf6 27. Qc3 Bxd3 28.
Qxd3 Qxd3 29. Rxd3 e4 30. fxe4 fxe4 31. Rdd1 Rab8 32. Re2 Rb5 33. Rc2 Bg5+ 34.
Kb1 Bf4 35. Bc5 e3 36. Re1 e2 37. Bf2 Rxd5 38. Rcxe2 Rd1+ 39. Kc2 Rxe1 40. Rxe1
Rxe1 41. Bxe1 g5 42. Kd3 Kg6 43. Kc4 Kf5 44. Kb4 Bc1 45. Kxa4 Bxb2 46. Bg3 c5
47. Kb5 Bd4 48. Bd6 h5 49. Bxc5 Bc3 50. Kc4 Be1 51. Kd5 g4 52. Be3 gxh3 53.
gxh3 Kf6 54. Ke4 Kg6 55. a4 Ba5 56. Kf4 Bc7+ 57. Kf3 Ba5 58. Kg3 Bc7+ 59. Bf4
Ba5 60. Kh4 Bd8+ 61. Kg3 Ba5 62. h4 Kf6 63. Kf3 Ke6 64. Ke4 Be1 65. Bg5 Kd6 66.
Kf5 Kc6 67. Kg6 Kb7 68. Kxh5 Bxh4 69. Bxh4 Ka8 1/2-1/2

[Event "Mercredi 2014.09.03 ABCDE"]
[Site "Montreal CAN"]
[Date "2014.10.01"]
[Round "5"]
[White "Baran, Marius"]
[Black "Barko, Maxim"]
[Result "0-1"]
[WhiteElo "1812"]
[BlackElo "1790"]
[PlyCount "71"]
[EventDate "2014.09.03"]
[EventType "tourn"]
[EventRounds "5"]
[EventCountry "CAN"]

1. e4 c5 2. Nf3 Nc6 3. d4 cxd4 4. Nxd4 Nf6 5. Nc3 e5 6. Ndb5 d6 7. Bg5 a6 8.
Na3 b5 9. Bxf6 gxf6 10. Nd5 f5 11. Bd3 Be6 12. Qh5 Rg8 13. g3 Rg5 14. Nc7+ Kd7
15. Nxe6 Qa5+ 16. c3 Rxh5 17. Nxf8+ Rxf8 18. O-O-O fxe4 19. Bxe4 f5 20. Bf3 Rh6
21. Bd5 Rc8 22. Kb1 e4 23. f3 e3 24. Nc2 Qb6 25. f4 Qc5 26. Bf3 a5 27. Rd5 Qb6
28. Rd3 Re8 29. h4 b4 30. Re1 e2 31. cxb4 Nxb4 32. Nxb4 Qxb4 33. Rc3 Rc8 34.
Kc2 Rxc3+ 35. bxc3 Qa4+ 36. Kd3 0-1

[Event "Mercredi 2014.09.03 ABCDE"]
[Site "Montreal CAN"]
[Date "2014.10.01"]
[Round "5"]
[White "Boudreau, Daniel"]
[Black "Lopez Linares, Lizandro"]
[Result "1-0"]
[WhiteElo "2075"]
[BlackElo "2118"]
[PlyCount "75"]
[EventDate "2014.09.03"]
[EventType "tourn"]
[EventRounds "5"]
[EventCountry "CAN"]

1. e4 e6 2. d4 d5 3. e5 c5 4. c3 Nc6 5. Be3 Qb6 6. Qd2 Bd7 7. Nf3 Rc8 8. a3
cxd4 9. Bxd4 Nxd4 10. cxd4 Ne7 11. Nc3 Nc6 12. Bb5 Nxe5 13. Bxd7+ Nxd7 14. O-O
Nf6 15. Rac1 Rd8 16. Na4 Qb5 17. Nc3 Qb3 18. Rfe1 Bd6 19. Ne5 O-O 20. Re3 Bxe5
21. Rxe5 Rc8 22. Re3 Qb6 23. Rd1 Qd6 24. Rg3 Kh8 25. Rxg7 Qe7 26. Qh6 Rg8 27.
Rg3 a6 28. Rdd3 Rxg3 29. Rxg3 Rg8 30. Rh3 Rg7 31. Qh4 Rg4 32. Qh6 Rg6 33. Qf4
Kg8 34. Qe5 Qd8 35. Rf3 b5 36. h3 h5 37. Ne2 Kf8 38. Nf4 1-0

[Event "Mercredi 2014.09.03 ABCDE"]
[Site "Montreal CAN"]
[Date "2014.10.01"]
[Round "5"]
[White "Cote, Philippe"]
[Black "Struben, Jeroen"]
[Result "1-0"]
[WhiteElo "1708"]
[BlackElo "1768"]
[PlyCount "67"]
[EventDate "2014.09.03"]
[EventType "tourn"]
[EventRounds "5"]
[EventCountry "CAN"]

1. e4 d6 2. d4 Nf6 3. Nc3 g6 4. Bg5 Bg7 5. Qd2 c6 6. O-O-O b5 7. f3 Nbd7 8. Bh6
Bxh6 9. Qxh6 b4 10. Nce2 Qa5 11. Kb1 Nb6 12. Nc1 Be6 13. Nge2 Nc4 14. Nb3 Qb6
15. Nec1 a5 16. Bxc4 Bxc4 17. Qd2 a4 18. Na1 O-O 19. h4 h5 20. g4 hxg4 21. h5
e5 22. hxg6 fxg6 23. fxg4 Ra7 24. dxe5 dxe5 25. Qd6 Qb8 26. Qc5 Bf7 27. Qf2
Nxe4 28. Qh4 Bxa2+ 29. Nxa2 Kf7 30. Qh7+ Ke8 31. Qxg6+ Raf7 32. Qxc6+ Ke7 33.
Rd7+ Ke8 34. Rb7+ 1-0

[Event "Mercredi 2014.09.03 ABCDE"]
[Site "Montreal CAN"]
[Date "2014.10.01"]
[Round "5"]
[White "Forget, Luc"]
[Black "Pomerantz, Daniel"]
[Result "1-0"]
[WhiteElo "1966"]
[BlackElo "1899"]
[PlyCount "87"]
[EventDate "2014.09.03"]
[EventType "tourn"]
[EventRounds "5"]
[EventCountry "CAN"]

1. d4 Nf6 2. c4 e6 3. Nf3 b6 4. a3 Ba6 5. Qc2 c5 6. d5 exd5 7. cxd5 Be7 8. Nc3
O-O 9. Bf4 d6 10. O-O-O b5 11. e4 b4 12. Bxa6 Nxa6 13. Nb5 bxa3 14. bxa3 Qb6
15. Bxd6 Bxd6 16. Nxd6 Qxd6 17. e5 Qb6 18. exf6 Qxf6 19. Rd3 Rab8 20. Re1 c4
21. Rd4 Nc5 22. Rxc4 Qa1+ 23. Kd2 Qxa3 24. Rb1 Rxb1 25. Qxb1 Re8 26. Rb4 Qa6
27. Nd4 Qh6+ 28. Kc3 Qd6 29. Nc6 g6 30. Qd1 Ne4+ 31. Kb3 Nxf2 32. Qd4 a5 33.
Rb7 Ne4 34. Ra7 Nc5+ 35. Kc2 a4 36. Ne7+ Qxe7 37. Rxe7 Rc8 38. Kd1 a3 39. Qf6
Rf8 40. Ra7 Ne4 41. Qe7 Nc3+ 42. Kd2 Nxd5 43. Qxa3 Rd8 44. Ra8 1-0

[Event "Mercredi 2014.09.03 ABCDE"]
[Site "Montreal CAN"]
[Date "2014.10.01"]
[Round "5"]
[White "Heredia, Jose"]
[Black "Cloutier, Mathieu"]
[Result "0-1"]
[WhiteElo "1922"]
[BlackElo "1993"]
[PlyCount "108"]
[EventDate "2014.09.03"]
[EventType "tourn"]
[EventRounds "5"]
[EventCountry "CAN"]

1. Nf3 c5 2. c4 Nc6 3. Nc3 g6 4. g3 Bg7 5. Bg2 Nf6 6. O-O O-O 7. d4 cxd4 8.
Nxd4 Qb6 9. Nb3 d6 10. Nd5 Nxd5 11. cxd5 Ne5 12. Be3 Qd8 13. Bd4 b6 14. Rc1 Bb7
15. f4 Nd7 16. Bxg7 Kxg7 17. Nd4 Nf6 18. Nc6 Qd7 19. Rf3 e6 20. dxe6 fxe6 21.
Rd3 d5 22. Ne5 Qd6 23. Rdc3 Rac8 24. Qd4 Rxc3 25. Rxc3 Kg8 26. e3 Nd7 27. Ng4
h5 28. Nf2 e5 29. Qd3 Nc5 30. Ne4 Nxe4 31. Bxe4 Rd8 32. fxe5 Qxe5 33. Bxg6 d4
34. Rc2 Rd6 35. Rc7 dxe3 36. Qc4+ Bd5 37. Bf7+ Kf8 38. Bxd5 Rxd5 39. Qf1+ Ke8
40. Rc2 Rd2 41. Rc1 e2 42. Qe1 Qe3+ 43. Kh1 Kd8 44. Kg2 Rxb2 45. Ra1 Qe4+ 46.
Kf2 Qf5+ 47. Kg2 Qd5+ 48. Kf2 Qd4+ 49. Kg2 Rd2 50. a4 Rd1 51. Qxe2 Rxa1 52.
Qxh5 Ra2+ 53. Kh3 Qd7+ 54. g4 Qd3+ 0-1

[Event "Mercredi 2014.09.03 ABCDE"]
[Site "Montreal CAN"]
[Date "2014.10.01"]
[Round "5"]
[White "Johnson-Constantin, Matthieu"]
[Black "Zumsteg, Nicolas"]
[Result "1/2-1/2"]
[WhiteElo "1785"]
[BlackElo "1745"]
[PlyCount "63"]
[EventDate "2014.09.03"]
[EventType "tourn"]
[EventRounds "5"]
[EventCountry "CAN"]

1. e4 e6 2. d4 d5 3. e5 c5 4. c3 Nc6 5. Nf3 Qb6 6. Bd3 a6 7. O-O cxd4 8. cxd4
Be7 9. Nc3 f5 10. Rb1 Bd7 11. Ne2 Nb4 12. a3 Nxd3 13. Qxd3 Bb5 14. Qe3 Bxe2 15.
Qxe2 Bxa3 16. bxa3 Qxb1 17. Bh6 Qxf1+ 18. Kxf1 Nxh6 19. Qc2 Kd7 20. Qc5 Nf7 21.
Qb6 Rab8 22. Nd2 Rhc8 23. Nb3 Rc6 24. Nc5+ Kc8 25. Qb4 b5 26. Nxe6 Rxe6 27.
Qc5+ Kb7 28. Qxd5+ Rc6 29. Qxf7+ Rc7 30. Qxf5 a5 31. e6 b4 32. Qb5+ 1/2-1/2